000 01539nam a22004817a 4500
001 5113750
003 LIBRIS
005 20210501123703.0
008 011211s1991 xxu 001 0 eng c
020 _a0673521044 (student ed.)
020 _a0673521516 (teacher ed.)
020 _a0673521869 (student ed.)
040 _aGe
_beng
_cDLC
041 _aeng
080 _a33
_bK-85
082 _a337
_220
082 _a337
_220
084 _aQaea
_2kssb/6
084 _aQade
_2kssb/6
084 _aQade
_2kssb/6
084 _aQaea
_2kssb/6
100 1 _aKrugman, Paul R.,
_d1953-
_0319316
245 0 0 _aInternational economics :
_btheory and policy /
_c/ by: HarperCollins Publishers
250 _a2nd edition
260 _aNew York
_bHarperCollins Publishers
_ccop. 1991
300 _axxvi, 682 p.. [43] p. ill.
_bdiagr., tab.
650 0 _aInternational economic relations
650 0 _aEconomics
_9446
650 0 _aInternational finance
650 4 _aInternationell ekonomi
653 _aეკონომიკა
653 _aსაერთაშორისო ეკონომიკა
700 1 _aObstfeld, Maurice
775 1 _z0-316-50475-0
_w0316504750
900 1 s _6100
_d1953-
_uKrugman, Paul R.,
_d1953-
942 _2udc
_cBK
_e2
999 _c1120
_d1120